Most Besieged Cities Throughout History - Statistics

General Stats
  • This quiz has been taken 413 times
    390 since last reset
  • The average score is 8 of 42
Answer Stats
Number of Sieges First Siege Last Siege City % Correct
18 478 BC 1453 Istanbul
93%
19 925 BC 1967 Jerusalem
88%
15 408–410 1870 Rome
83%
6 845 1870–71 Paris
82%
6 812–813 1638 Baghdad
54%
6 48–47 BC 1801 Alexandria
45%
6 634 1400 Damascus
45%
7 637 2012–2016 Aleppo
38%
7 1541 1944–1945 Budapest
31%
7 536 1528 Naples
31%
7 540 1268 Antioch
25%
11 800–801 1808 Barcelona
25%
14 588 1806 Belgrade
22%
13 415–413 BC 1735 Syracuse
21%
11 724–720 BC 1187 Tyre
20%
16 1309 1779–83 Gibraltar
18%
6 1522 1800 Genoa
16%
6 1102 1799 Jaffa
16%
6 1102 1799 Acre
14%
9 254 1422–1430 Thessaloniki
13%
6 1106 1262 Cologne
10%
7 502 1146 Edessa
5%
7 953 1813–1814 Mainz
4%
6 451 1870 Metz
4%
6 721 1226 Toulouse
4%
10 359 2015–2016 Diyarbakır
3%
10 569–572 1706 Pavia
3%
7 211 BC 1734 Capua
2%
6 1509 1790–1792 Oran
2%
6 1502 1654 Smolensk
2%
6 1595 1705 Huy
1%
6 1579 1793 Maastricht
1%
6 337 972 Nisibis
1%
7 921 1634 Regensburg
1%
8 1224 1704 Tartu
1%
6 1435 1860–1861 Gaeta
0%
6 1543 1794 Landrecies
0%
9 1558 1608 Paide
0%
9 1743 1962 Puerto Cabello
0%
6 575 1745 Tournai
0%
7 1211 1600 Viljandi
0%
6 1383 1794 Ypres
0%
No matching quizzes found
Score Distribution
Percent of People with Each Score
Percentile by Number Answered
Your Score History
You have not taken this quiz since the last reset